000 01073am a2200349a 44500
003 AR-BaBNM
005 20251128210342.0
008 220020s1997 #AR|||||||||||000 | spa||
020 _a987-9216-28-8
040 _cAR-BaBNM
100 1 _aVillaverde de Nessier, María del Carmen
245 1 0 _aCircunnavegando la palabra
_buna introducción a la problemática de la lectura
250 _a1ª ed.
260 _aRosario
_bAmeghino Educativa
_c1997
300 _a154 p.
_btablas, il.
490 0 _aExplorando la expresión
504 _aContiene bibliografía p. 147-150
650 4 _aACTIVIDADES DE APRENDIZAJE
650 4 _aINICIACION EN LA LECTURA
650 4 _aRECURSOS LITERARIOS
650 4 _aCOMUNICACION
650 4 _aCOMUNICACION VERBAL
650 4 _aENSEÑANZA DE LA LECTURA
650 4 _aLENGUAJE
650 4 _aLITERATURA INFANTIL
653 _aENSENANZA DE LA LENGUA
653 _aEDUCACION GENERAL BASICA
700 1 _aManacorda de Rosetti, Mabel
_eprologuista
700 1 _aKern, Sergio
_eilustrador
942 _cBK
998 _cRaquel
999 _c15088
_d15088